header

Queering contemporary French popular cinema (Record no. 121773)

MARC details
000 -LEADER
fixed length control field 01997nam a2200397 a 4500
082 04 - DEWEY DECIMAL CLASSIFICATION NUMBER
Classification number 791.43/63526640944
100 1# - MAIN ENTRY--AUTHOR NAME
Personal name Waldron, Darren.
245 10 - TITLE STATEMENT
Title Queering contemporary French popular cinema
260 ## - PUBLICATION, DISTRIBUTION, ETC. (IMPRINT)
Place of publication New York :
Name of publisher Peter Lang,
Year of publication c2009.
300 ## - PHYSICAL DESCRIPTION
Number of Pages 305 p.
490 1# - SERIES STATEMENT
Series statement Framing film,
505 0# - FORMATTED CONTENTS NOTE
Formatted contents note Queerness, French film and the audience -- Queering the French sexual subject -- Queering contemporary French "popular" cinema : images of resistance and compliance -- Out of the films and into the audience -- Sexuality and beyond : subcultural affiliations, normative identifications and aesthetic contemplation -- Childhood and gender, sexuality and ethnicity : negotiating sameness and difference, past and present -- Queer and beyond : images of identity and desire.
650 #0 - SUBJECT ADDED ENTRY--TOPICAL TERM
Topical Term Motion pictures
Topical Term Motion picture audiences
Topical Term Homosexuality and motion pictures
Topical Term Homosexuality in motion pictures.
856 40 - ELECTRONIC LOCATION AND ACCESS
Uniform Resource Identifier http://site.ebrary.com/lib/rucke/Doc?id=10517012

No items available.

© 2026 Rongo University
Contact us: librarian | system librarian | Rongo university